000 00471nam a2200193Ia 4500
008 240509s9999 xx 000 0 und d
020 _a047135614X
041 _aEng
082 _a006.7
082 _bH56
100 _aHORTON W.
245 0 _aDESIGNING WEB-BASED TRAINING : HOW TO TEACH ANYONE ANYTHING ANYWHERE ANYTIME
260 _bNEW YORK : JOHN WILEY
260 _c2000
300 _a607 p.
650 _aWEB DESIGNING :
942 _2ddc
942 _cRBK
999 _c29612
_d29612
945 _a1
_bMadushi Gamage
_c1
_dMadushi Gamage